| 000 | 00609nam a2200157Ia 4500 | ||
|---|---|---|---|
| 008 | 260210s9999 xx 000 0 und d | ||
| 024 | _a19B-131-CS, 19B-091-CS, 19B-106-CS, & 19B-113-CS | ||
| 082 | _a006.7072 REH | ||
| 100 | _aAsad ur Rehman, Muhammad Bilal Khan, Hafiz Bilal Ahmed, & Syeda Shaherbano Jafri | ||
| 110 | _aEngr. Rabbia Zuberi | ||
| 245 | 0 | _aVISIONEER | |
| 260 |
_aKarachi: _bUITU, _c2019 |
||
| 600 | _aComputer Science | ||
| 650 | _aBachelor of Computer Science (BS) | ||
| 856 |
_uhttps://drive.google.com/file/d/1JH74zWcxU4aascp0HKwUpSR_BYgPdcr1/view?usp=sharing _yClick here for PDF |
||
| 999 |
_c32523 _d32523 |
||